000 00432cam a2200181ua 4500
020 _c6.00
041 _aeng
_h
082 _a176
_bVLI/CO
100 _aVliet, C.J.Van .
245 _aCoiled serpent /
_cC.J.Van Vliet.
_hTextual Documents
250 _a1 /
_b.
260 _aAhmadabad :
_bNavajivan publishing house ,
_c1963.
300 _a439 ; .
365 _a6.00
504 _a
942 _cBK
999 _c2069
_d2069